000 00300nam a22001457a 4500
008 210225b ||||| |||| 00| 0 eng d
020 _a0874270499
041 _aeng
080 _a7
082 _a7
100 _a44
101 _aART
245 _aJohn Singer Sargent
_cHills, P
942 _2udc
_cBK
999 _c55196
_d55196